000 00934cam a22003137a 4500
003 CHAP
005 20220817042215.0
008 971013s1976 r 00010 d
010 _a37646
011 _a38618
035 _a42738
040 _cCHAP
090 _aFolleto 6216
110 _aFAO
245 1 0 _aHorticulture
_b: a select bibliography
260 _aRome :
_bFAO,
_c1976
300 _a50 p.
490 0 _aFAO. Producción y protección vegetal
_v; 1
590 _aBATCH-UPD
_b10
_c20130110
_lUCH01
_h1619
590 _aBATCH-UPD
_b10
_c20130410
_lUCH01
_h1013
590 _aBATCH-UPD
_b10
_c20130914
_lUCH01
_h1428
590 _aCONVERSION
_b10
_c20130109
_lUCH01
_h1321
650 1 4 _aHorticultura
_xBibliografía.
_956312
700 0 _aRuck, H. C.
_9100515
830 0 _aFAO. Producción y protección vegetal
_v; 1
_939654
901 _aBK
942 _cFOLL
949 _aFolleto 6216
_bBC
_cFAO
_d-98261
_eFAO1
_i42738
_mD
_si
999 _c37646
_d37646